[Event "Muensterland Regionalliga playoff 1-4"]
[Site "Germany"]
[Date "2023.03.18"]
[Round "1.5"]
[White "Funke, Reinhard"]
[Black "Bartsch, Jan"]
[Result "1/2-1/2"]
[WhiteElo "2000"]
[BlackElo "1826"]
[PlyCount "70"]
[EventDate "2022.03.18"]
[EventType "team-k.o."]
[EventRounds "2"]
[EventCountry "GER"]
[SourceTitle "EXT 2024"]
[Source "ChessBase"]
[SourceDate "2023.10.10"]
[SourceVersion "1"]
[SourceVersionDate "2023.10.10"]
[SourceQuality "1"]
[WhiteTeam "Suedlohn"]
[BlackTeam "Saerbeck"]
[WhiteTeamCountry "GER"]
[BlackTeamCountry "GER"]

1. d4 d5 2. c4 e6 3. Nc3 Nf6 4. Bg5 Be7 5. e3 Nbd7 6. Nf3 0-0 7. Bd3 h6 8. Bh4 a6 9. 0-0 dxc4 10. Bxc4 b5 11. Bd3 c5 12. Qe2 Bb7 13. Rad1 c4 14. Bb1 b4 15. Na4 Qa5 16. b3 c3 17. e4 Rfe8 18. Bxf6 Bxf6 19. Qc2 Be7 20. a3 Rac8 21. axb4 Bxb4 22. Ne1 Qh5 23. f3 Bc6 24. Rf2 e5 25. Nd3 a5 26. d5 Bxa4 27. bxa4 Nc5 28. Re2 Nxd3 29. Qxd3 Bc5+ 30. Kh1 Bd4 31. Bc2 Rb8 32. Ree1 Qg6 33. Rb1 Qd6 34. Rb5 Rxb5 35. axb5 Qc5 1/2-1/2

[Event "Muensterland Verbandsliga playoff"]
[Site "Germany"]
[Date "2022.04.09"]
[Round "1.3"]
[White "Bartsch, Jan"]
[Black "Boenigk, Winfried"]
[Result "1-0"]
[WhiteElo "1797"]
[BlackElo "1712"]
[PlyCount "85"]
[EventDate "2022.03.19"]
[EventType "team-tourn"]
[EventRounds "3"]
[EventCountry "GER"]
[SourceTitle "EXT 2023"]
[Source "ChessBase"]
[SourceDate "2022.10.05"]
[SourceVersion "1"]
[SourceVersionDate "2022.10.05"]
[SourceQuality "1"]
[WhiteTeam "Saerbeck"]
[BlackTeam "Olfen"]
[WhiteTeamCountry "GER"]
[BlackTeamCountry "GER"]

1. b3 Nf6 2. Bb2 d5 3. e3 c5 4. Bb5+ Nc6 5. Nf3 Bd7 6. Bxc6 Bxc6 7. Ne5 e6 8. d3 Be7 9. Nxc6 bxc6 10. Nd2 0-0 11. f4 Rc8 12. 0-0 Nd7 13. e4 d4 14. Qf3 e5 15. Nc4 exf4 16. Qxf4 Bg5 17. Qg3 Bh4 18. Qg4 Bf6 19. Nd6 Rc7 20. Nf5 Ne5 21. Qg3 Ng6 22. Ba3 Be5 23. Qg4 Bd6 24. Nxd6 Qxd6 25. Qh5 Ne5 26. Rf4 f6 27. Raf1 Rcf7 28. Qe2 g6 29. Qd2 Rb8 30. Qa5 Rb5 31. Qd2 Kg7 32. Bc1 Qe6 33. a4 Rb8 34. h3 Rbf8 35. Ba3 Nd7 36. Qa5 f5 37. Bxc5 Nxc5 38. Qxc5 fxe4 39. Qxd4+ Kg8 40. Rxf7 Rxf7 41. Rxf7 Kxf7 42. Qxe4 Qf6 43. Qf3 1-0

[Event "Muensterland Verbandsklasse 1819"]
[Site "Germany"]
[Date "2019.01.19"]
[Round "5.7"]
[White "Bartsch, Jan"]
[Black "Scharlow, Siegmar"]
[Result "1/2-1/2"]
[WhiteElo "1736"]
[BlackElo "1689"]
[PlyCount "79"]
[EventDate "2018.09.15"]
[EventType "team-tourn"]
[EventRounds "9"]
[EventCountry "GER"]
[SourceTitle "EXT 2020"]
[Source "ChessBase"]
[SourceDate "2019.10.17"]
[SourceVersion "1"]
[SourceVersionDate "2019.10.17"]
[SourceQuality "1"]
[WhiteTeam "Saerbeck"]
[BlackTeam "Nienberge II"]
[WhiteTeamCountry "GER"]
[BlackTeamCountry "GER"]

1. b3 e5 2. Bb2 Nc6 3. e3 d6 4. Nf3 Nf6 5. d4 e4 6. d5 Nb4 7. Ng5 h6 8. c3 Nbxd5 9. Nxe4 Nxe4 10. Qxd5 Nf6 11. Qf3 d5 12. h3 Bd7 13. Bd3 Bc6 14. Qe2 Be7 15. Nd2 0-0 16. 0-0 Re8 17. Rfd1 Bd7 18. c4 Be6 19. Rac1 c6 20. cxd5 Bxd5 21. Nf3 Qa5 22. Bc3 Qc7 23. Be5 Bxf3 24. Bxc7 Bxe2 25. Bxe2 Rac8 26. Ba5 Ba3 27. Rc2 Nd5 28. Bg4 Ra8 29. Bf3 Nb6 30. Rd3 Red8 31. Rcd2 Be7 32. Bxb6 axb6 33. Rd7 Kf8 34. a4 Ke8 35. Rxd8+ Rxd8 36. Rxd8+ Kxd8 37. Kf1 Kd7 38. Ke2 Kd6 39. Kd3 Kc5 40. Bd1 1/2-1/2

[Event "Muensterland Verbandsklasse 1718"]
[Site "Germany"]
[Date "2018.04.28"]
[Round "9.6"]
[White "Buchholz, Christian"]
[Black "Bartsch, Jan"]
[Result "0-1"]
[WhiteElo "1606"]
[BlackElo "1706"]
[PlyCount "56"]
[EventDate "2017.09.16"]
[EventType "team-tourn"]
[EventRounds "9"]
[EventCountry "GER"]
[SourceTitle "EXT 2019"]
[Source "ChessBase"]
[SourceDate "2018.10.10"]
[SourceVersion "1"]
[SourceVersionDate "2018.10.10"]
[SourceQuality "1"]
[WhiteTeam "Hiltrup"]
[BlackTeam "Saerbeck"]
[WhiteTeamCountry "GER"]
[BlackTeamCountry "GER"]

1. e4 Nf6 2. e5 Nd5 3. c4 Nb6 4. d4 d6 5. f4 dxe5 6. fxe5 Nc6 7. Nf3 Bg4 8. Be3 Bxf3 9. gxf3 e6 10. a3 Be7 11. Nc3 Bh4+ 12. Kd2 Nxd4 13. Kc1 Nf5 14. Qe2 Nxe3 15. Qxe3 Qe7 16. Rg1 f5 17. f4 0-0-0 18. Kc2 g5 19. c5 Nd5 20. Nxd5 Rxd5 21. b4 gxf4 22. Qxf4 Rhd8 23. c6 Rd4 24. cxb7+ Kb8 25. Qf3 Rd2+ 26. Kc3 Qd7 27. Bc4 Qd4+ 28. Kb3 Rb2+ 0-1

[Event "Muensterland Verbandsklasse 1718"]
[Site "Germany"]
[Date "2018.02.17"]
[Round "6.5"]
[White "Bartsch, Jan"]
[Black "Iking, Bernhard"]
[Result "0-1"]
[WhiteElo "1706"]
[BlackElo "1730"]
[PlyCount "82"]
[EventDate "2017.09.16"]
[EventType "team-tourn"]
[EventRounds "9"]
[EventCountry "GER"]
[SourceTitle "EXT 2019"]
[Source "ChessBase"]
[SourceDate "2018.10.10"]
[SourceVersion "1"]
[SourceVersionDate "2018.10.10"]
[SourceQuality "1"]
[WhiteTeam "Saerbeck"]
[BlackTeam "Gescher"]
[WhiteTeamCountry "GER"]
[BlackTeamCountry "GER"]

1. b3 d5 2. Bb2 Nf6 3. f4 g6 4. Nf3 Bg7 5. e3 Bg4 6. Be2 Bxf3 7. Bxf3 0-0 8. 0-0 c6 9. d3 Nbd7 10. Nd2 e6 11. Qe2 Qc7 12. d4 Rac8 13. c4 b6 14. Rac1 Qb7 15. g4 Rfd8 16. a4 c5 17. Qg2 cxd4 18. Bxd4 Nc5 19. Bxc5 Rxc5 20. g5 Ne8 21. b4 Rcc8 22. cxd5 Rxc1 23. Rxc1 exd5 24. b5 Qe7 25. Nf1 d4 26. e4 Qa3 27. Rc4 Qb3 28. Rc2 d3 29. Rc1 d2 30. Rd1 Bd4+ 31. Kh1 Bc3 32. Bg4 Qxa4 33. Nxd2 Qxb5 34. e5 Rxd2 35. Rxd2 Bxd2 36. Be2 Qb1+ 37. Bf1 Bxf4 38. e6 fxe6 39. Qe2 Qf5 40. h4 Qe5 41. Qg4 Qe4+ 0-1

[Event "Muensterland Verbandsklasse 1718"]
[Site "Germany"]
[Date "2018.01.27"]
[Round "5.5"]
[White "Busswolder, Peter"]
[Black "Bartsch, Jan"]
[Result "1-0"]
[WhiteElo "1758"]
[BlackElo "1706"]
[PlyCount "78"]
[EventDate "2017.09.16"]
[EventType "team-tourn"]
[EventRounds "9"]
[EventCountry "GER"]
[SourceTitle "EXT 2019"]
[Source "ChessBase"]
[SourceDate "2018.10.10"]
[SourceVersion "1"]
[SourceVersionDate "2018.10.10"]
[SourceQuality "1"]
[WhiteTeam "Stadtlohn"]
[BlackTeam "Saerbeck"]
[WhiteTeamCountry "GER"]
[BlackTeamCountry "GER"]

1. d4 d5 2. c4 c6 3. e3 Nf6 4. Nc3 g6 5. Nf3 Bg7 6. Be2 Bg4 7. Qb3 Qb6 8. Qxb6 axb6 9. cxd5 Nxd5 10. Nxd5 cxd5 11. Bd2 Nc6 12. 0-0 Bxf3 13. Bxf3 e6 14. Rfc1 Kd7 15. Be2 Rhc8 16. Bb5 Kd8 17. Bc3 Na7 18. Bd3 Nc6 19. f4 f5 20. h3 Bf8 21. a3 Kd7 22. g4 Bd6 23. Kf2 Rg8 24. Be2 Rac8 25. Rh1 Ne7 26. a4 Nc6 27. h4 Bb4 28. h5 Bxc3 29. bxc3 Ne7 30. Rac1 fxg4 31. hxg6 g3+ 32. Kf3 Rxg6 33. Rxh7 g2 34. Bb5+ Kd6 35. Kf2 Rxc3 36. Re1 Rc2+ 37. Kg1 Rc7 38. Bd3 Nf5 39. Rh5 Nxe3 1-0

[Event "Muensterland Verbandsklasse 1718"]
[Site "Germany"]
[Date "2017.12.16"]
[Round "4.5"]
[White "Bartsch, Jan"]
[Black "Dittberner, Markus"]
[Result "1-0"]
[WhiteElo "1706"]
[BlackElo "1638"]
[PlyCount "37"]
[EventDate "2017.09.16"]
[EventType "team-tourn"]
[EventRounds "9"]
[EventCountry "GER"]
[SourceTitle "EXT 2019"]
[Source "ChessBase"]
[SourceDate "2018.10.10"]
[SourceVersion "1"]
[SourceVersionDate "2018.10.10"]
[SourceQuality "1"]
[WhiteTeam "Saerbeck"]
[BlackTeam "Muenster Indische Dame"]
[WhiteTeamCountry "GER"]
[BlackTeamCountry "GER"]

1. b3 d5 2. Bb2 Bf5 3. e3 e6 4. f4 Nf6 5. Nf3 Nbd7 6. Be2 h6 7. 0-0 Be7 8. c4 c6 9. Ne5 Rg8 10. g4 Bh7 11. g5 Ne4 12. d3 Nd6 13. Bg4 hxg5 14. Bxe6 Nxe5 15. fxe5 fxe6 16. Qh5+ Kd7 17. exd6 Bxd6 18. Qxh7 Bxh2+ 19. Qxh2 1-0

[Event "Steinfurt Bezirksliga 1617"]
[Site "Germany"]
[Date "2017.01.21"]
[Round "5.2"]
[White "Ortmeier, Leonhard"]
[Black "Bartsch, Jan"]
[Result "0-1"]
[WhiteElo "1866"]
[BlackElo "1595"]
[PlyCount "108"]
[EventDate "2016.09.24"]
[EventType "team"]
[EventRounds "9"]
[EventCountry "GER"]
[SourceTitle "EXT 2018"]
[Source "ChessBase"]
[SourceDate "2017.10.13"]
[SourceVersion "1"]
[SourceVersionDate "2017.10.13"]
[SourceQuality "1"]
[WhiteTeam "Emsdetten Rochade III"]
[BlackTeam "Saerbeck II"]
[WhiteTeamCountry "GER"]
[BlackTeamCountry "GER"]

1. e4 Nf6 2. e5 Nd5 3. d4 d6 4. Nf3 dxe5 5. dxe5 Nc6 6. Be2 Bg4 7. 0-0 e6 8. Nbd2 Be7 9. h3 Bh5 10. Bb5 0-0 11. Bxc6 bxc6 12. Ne4 Bg6 13. Qe2 Qc8 14. c4 Qa6 15. Re1 Nb6 16. b3 Rad8 17. Bd2 Rd7 18. Red1 Rfd8 19. a4 h6 20. g4 Nd5 21. Qe1 Bxe4 22. Qxe4 Nc3 23. Bxc3 Rxd1+ 24. Rxd1 Rxd1+ 25. Kg2 Qb6 26. Qc2 Rd8 27. a5 Qb7 28. Ne1 Bb4 29. Nd3 c5+ 30. f3 c6 31. Kf2 Qe7 32. Qd2 Qh4+ 33. Kg2 Qe7 34. Kf2 Qd7 35. Ke2 Bxc3 36. Qxc3 Qe7 37. Nf2 Qd7 38. Qe3 Qd4 39. Qxd4 cxd4 40. Kd3 c5 41. Ne4 Rc8 42. Nd6 Rb8 43. Kc2 Kf8 44. Ne4 Rc8 45. Kd3 Ke7 46. f4 f6 47. h4 fxe5 48. fxe5 Kd7 49. b4 cxb4 50. Kxd4 Kc6 51. c5 b3 52. Kc3 Rb8 53. Kb2 Kd5 54. Nd2 Kxc5 0-1

[Event "Steinfurt Bezirksliga 1617"]
[Site "Germany"]
[Date "2016.10.22"]
[Round "2.2"]
[White "Hokamp, Sascha"]
[Black "Bartsch, Jan"]
[Result "1-0"]
[WhiteElo "1892"]
[BlackElo "1595"]
[PlyCount "47"]
[EventDate "2016.09.24"]
[EventType "team"]
[EventRounds "9"]
[EventCountry "GER"]
[SourceTitle "EXT 2018"]
[Source "ChessBase"]
[SourceDate "2017.10.13"]
[SourceVersion "1"]
[SourceVersionDate "2017.10.13"]
[SourceQuality "1"]
[WhiteTeam "Reckenfeld"]
[BlackTeam "Saerbeck II"]
[WhiteTeamCountry "GER"]
[BlackTeamCountry "GER"]

1. c4 f5 2. Nf3 Nf6 3. g3 e6 4. Bg2 Be7 5. Nc3 0-0 6. Qc2 d6 7. d4 a5 8. e4 fxe4 9. Nxe4 Nxe4 10. Qxe4 d5 11. Qc2 dxc4 12. Qxc4 b5 13. Qe2 Ra6 14. 0-0 c5 15. dxc5 Bxc5 16. Bg5 Qe8 17. Rac1 Be7 18. Rxc8 Qxc8 19. Bxe7 Rf7 20. Bg5 Nd7 21. Rc1 Qf8 22. Nd4 e5 23. Nc6 h6 24. Be3 1-0

[Event "Steinfurt Bezirksklasse 1516"]
[Site "Germany"]
[Date "2016.04.09"]
[Round "8.4"]
[White "Schroerluecke, Dieter"]
[Black "Bartsch, Jan"]
[Result "0-1"]
[WhiteElo "1166"]
[BlackElo "1555"]
[PlyCount "54"]
[EventDate "2015.09.05"]
[EventType "team-tourn"]
[EventRounds "9"]
[EventCountry "GER"]
[SourceTitle "EXT 2017"]
[Source "ChessBase"]
[SourceDate "2016.10.25"]
[SourceVersion "1"]
[SourceVersionDate "2016.10.25"]
[SourceQuality "1"]
[WhiteTeam "Ibbenbueren III"]
[BlackTeam "Saerbeck II"]
[WhiteTeamCountry "GER"]
[BlackTeamCountry "GER"]

1. e4 c6 2. d4 d5 3. exd5 cxd5 4. Be2 Nf6 5. Nf3 Nc6 6. h3 Bf5 7. Nc3 e6 8. a3 Bd6 9. 0-0 Rc8 10. Bb5 0-0 11. Bxc6 Rxc6 12. Nh4 Bg6 13. Nxg6 hxg6 14. Nb5 Bb8 15. Nc3 Qc7 16. g3 Nh5 17. Qf3 a6 18. Be3 Rc8 19. Bd2 Qb6 20. g4 Nf6 21. Bg5 Qxb2 22. Ne2 Ne4 23. Bf4 Bxf4 24. Qxf4 Qxc2 25. Ng3 g5 26. Qe3 Rc3 27. Qe2 Rxg3+ 0-1

[Event "Steinfurt Bezirksklasse 1516"]
[Site "Germany"]
[Date "2015.09.05"]
[Round "1.3"]
[White "Bartsch, Jan"]
[Black "Broeker, Sebastian"]
[Result "1-0"]
[WhiteElo "1555"]
[BlackElo "1363"]
[PlyCount "35"]
[EventDate "2015.09.05"]
[EventType "team-tourn"]
[EventRounds "9"]
[EventCountry "GER"]
[SourceTitle "EXT 2017"]
[Source "ChessBase"]
[SourceDate "2016.10.25"]
[SourceVersion "1"]
[SourceVersionDate "2016.10.25"]
[SourceQuality "1"]
[WhiteTeam "Saerbeck II"]
[BlackTeam "Nordwalde II"]
[WhiteTeamCountry "GER"]
[BlackTeamCountry "GER"]

1. e4 e5 2. f4 Qf6 3. Nf3 Qxf4 4. Nc3 Qf6 5. Bc4 d6 6. 0-0 Be6 7. Bxe6 fxe6 8. d4 exd4 9. Nxd4 Qe7 10. Bg5 Qxg5 11. Rxf8+ Ke7 12. Qf3 Qg6 13. Rf1 Qf6 14. Rxf6 Nxf6 15. Qh3 e5 16. Qe6+ Kd8 17. Nf5 Re8 18. Qf7 1-0

[Event "Steinfurt Bezirksliga 1213"]
[Site "Germany"]
[Date "2013.04.13"]
[Round "8.7"]
[White "Bartsch, Jan"]
[Black "Roewekamp, Andre"]
[Result "1/2-1/2"]
[WhiteElo "1589"]
[BlackElo "1525"]
[PlyCount "90"]
[EventDate "2012.09.22"]
[EventType "team-tourn"]
[EventRounds "9"]
[EventCountry "GER"]
[SourceTitle "EXT 2015"]
[Source "ChessBase"]
[SourceDate "2014.11.20"]
[SourceVersion "1"]
[SourceVersionDate "2014.11.20"]
[SourceQuality "1"]
[WhiteTeam "Saerbeck II"]
[BlackTeam "Reckenfeld"]
[WhiteTeamCountry "GER"]
[BlackTeamCountry "GER"]

1. e4 e5 2. Bc4 Nc6 3. Nc3 Nf6 4. d3 d6 5. Nge2 Be6 6. Bb3 d5 7. Bg5 d4 8. Nd5 Bxd5 9. Bxd5 Qd6 10. Bxf6 Qxf6 11. 0-0 Nd8 12. f4 h5 13. fxe5 Qxe5 14. Rf5 Qd6 15. Qf1 f6 16. Qf3 c6 17. Rxh5 Rxh5 18. Qxh5+ Ke7 19. Ng3 Kd7 20. Bb3 Kc7 21. Rf1 Rc8 22. Nf5 Qd7 23. Rf3 Ne6 24. Bxe6 Qxe6 25. b3 Kb8 26. a4 Qg8 27. Qg6 Rc7 28. Rg3 Qf7 29. h4 Qe6 30. h5 Qe5 31. Rf3 b5 32. axb5 cxb5 33. g3 Rxc2 34. Qf7 Qc5 35. Nxg7 Bxg7 36. Qxg7 Qxh5 37. Qf8+ Rc8 38. Qd6+ Kb7 39. Qf4 Rh8 40. Qh4 Qxf3 41. Qxh8 Qxg3+ 42. Kh1 Qxd3 43. Qg7+ Kb8 44. Qf8+ Kb7 45. Qe7+ Kb6 1/2-1/2

[Event "Steinfurt Bezirksliga 1213"]
[Site "Germany"]
[Date "2013.01.12"]
[Round "5.8"]
[White "Bartsch, Jan"]
[Black "Steens, Rudolf"]
[Result "0-1"]
[WhiteElo "1589"]
[BlackElo "1740"]
[PlyCount "98"]
[EventDate "2012.09.22"]
[EventType "team-tourn"]
[EventRounds "9"]
[EventCountry "GER"]
[SourceTitle "EXT 2015"]
[Source "ChessBase"]
[SourceDate "2014.11.20"]
[SourceVersion "1"]
[SourceVersionDate "2014.11.20"]
[SourceQuality "1"]
[WhiteTeam "Saerbeck II"]
[BlackTeam "Nordwalde"]
[WhiteTeamCountry "GER"]
[BlackTeamCountry "GER"]

1. e4 e6 2. d4 d5 3. exd5 exd5 4. Nf3 Bd6 5. Bd3 Nc6 6. 0-0 Bg4 7. Re1+ Nge7 8. c3 Qd7 9. Bg5 Bf5 10. Ne5 Bxe5 11. dxe5 Bxd3 12. Qxd3 Qf5 13. Qxf5 Nxf5 14. Na3 h6 15. Bf4 0-0-0 16. Rad1 Rhe8 17. h3 a6 18. Nc2 d4 19. cxd4 Nfxd4 20. Nxd4 Rxd4 21. Rxd4 Nxd4 22. Kf1 Nc6 23. Bg3 Kd7 24. f4 Ke6 25. a3 Rd8 26. Bf2 Rd5 27. g4 g6 28. Ke2 Ne7 29. Rc1 Nc6 30. b4 Kd7 31. Rc5 Ke6 32. Rxd5 Kxd5 33. Kd3 b6 34. h4 h5 35. gxh5 gxh5 36. Be3 Ne7 37. Bf2 Nf5 38. a4 b5 39. a5 c6 40. Be1 Nh6 41. Bg3 Ng4 42. Be1 Nh6 43. Bg3 Nf5 44. Bf2 Ng7 45. Bg1 Ne6 46. Be3 c5 47. f5 c4+ 48. Kc3 Nf8 49. Bh6 Nd7 0-1

[Event "Steinfurt Bezirksliga 1213"]
[Site "Germany"]
[Date "2012.12.22"]
[Round "4.7"]
[White "Bartsch, Jan"]
[Black "Zilske, Jan Niklas"]
[Result "1-0"]
[WhiteElo "1589"]
[BlackElo "968"]
[PlyCount "43"]
[EventDate "2012.09.22"]
[EventType "team-tourn"]
[EventRounds "9"]
[EventCountry "GER"]
[SourceTitle "EXT 2015"]
[Source "ChessBase"]
[SourceDate "2014.11.20"]
[SourceVersion "1"]
[SourceVersionDate "2014.11.20"]
[SourceQuality "1"]
[WhiteTeam "Saerbeck II"]
[BlackTeam "Reckenfeld II"]
[WhiteTeamCountry "GER"]
[BlackTeamCountry "GER"]

1. e4 e5 2. Bc4 Nc6 3. Nc3 Nf6 4. d3 Bb4 5. Nge2 b6 6. 0-0 Bb7 7. f4 d6 8. Nd5 Bc5+ 9. Be3 Nd4 10. Bxd4 Bxd4+ 11. Nxd4 exd4 12. Nxf6+ Qxf6 13. Qg4 0-0 14. Rae1 g6 15. e5 dxe5 16. fxe5 Qg7 17. e6 c5 18. Rxf7 Rxf7 19. exf7+ Kf8 20. Qd7 Qf6 21. Re8+ Kg7 22. f8Q# 1-0

[Event "Steinfurt Bezirksliga 1112"]
[Site "Germany"]
[Date "2012.02.04"]
[Round "5.8"]
[White "Bartsch, Jan"]
[Black "Luszczynski, Josef"]
[Result "1-0"]
[WhiteElo "1559"]
[BlackElo "1602"]
[PlyCount "79"]
[EventDate "2011.10.01"]
[EventType "team-tourn"]
[EventRounds "9"]
[EventCountry "GER"]
[SourceTitle "EXT 2013"]
[Source "ChessBase"]
[SourceDate "2012.11.22"]
[SourceVersion "1"]
[SourceVersionDate "2012.11.22"]
[SourceQuality "1"]
[WhiteTeam "Saerbeck II"]
[BlackTeam "Ibbenbueren II"]
[WhiteTeamCountry "GER"]
[BlackTeamCountry "GER"]

1. e4 c5 2. Nf3 g6 3. c3 Bg7 4. d4 cxd4 5. cxd4 d5 6. Bb5+ Bd7 7. Bxd7+ Qxd7 8. e5 Nh6 9. 0-0 Nc6 10. Nc3 0-0 11. Be3 Nf5 12. Re1 Rac8 13. Bf4 a6 14. Na4 Qd8 15. Qd2 b5 16. Nc3 e6 17. Ne2 Qb6 18. Bg5 Rc7 19. Rac1 a5 20. g4 Nfe7 21. a3 b4 22. h4 bxa3 23. bxa3 Rb8 24. h5 gxh5 25. gxh5 Nf5 26. Bf6 h6 27. Kh1 Qb3 28. Rc3 Qb2 29. Rc2 Qxa3 30. Rc3 Rb3 31. Bxg7 Kxg7 32. Rg1+ Kf8 33. Rgc1 Rxc3 34. Rxc3 Qb4 35. Qc1 Ncxd4 36. Rxc7 Nxf3 37. Rc8+ Kg7 38. Kg2 Qg4+ 39. Ng3 N3h4+ 40. Kf1 1-0

[Event "Steinfurt Bezirksliga 1011"]
[Site "Germany"]
[Date "2011.04.16"]
[Round "8.6"]
[White "Denter, Volker"]
[Black "Bartsch, Jan"]
[Result "1/2-1/2"]
[WhiteElo "1473"]
[BlackElo "1569"]
[PlyCount "50"]
[EventDate "2010.10.02"]
[EventType "team-tourn"]
[EventRounds "9"]
[EventCountry "GER"]
[SourceTitle "EXT 2012"]
[Source "ChessBase"]
[SourceDate "2011.11.24"]
[SourceVersion "1"]
[SourceVersionDate "2011.11.24"]
[SourceQuality "1"]
[WhiteTeam "Ibbenbueren II"]
[BlackTeam "Saerbeck II"]
[WhiteTeamCountry "GER"]
[BlackTeamCountry "GER"]

1. Nf3 d5 2. g3 c5 3. c4 e6 4. Bg2 Nf6 5. 0-0 Nc6 6. e3 b6 7. d4 cxd4 8. cxd5 Nxd5 9. Nxd4 Nxd4 10. Qxd4 f6 11. Rd1 Bc5 12. Qc4 0-0 13. Nc3 Bb7 14. Nxd5 exd5 15. Bxd5+ Kh8 16. e4 Rc8 17. Qa4 Bxd5 18. Rxd5 Qe8 19. Qxe8 Rfxe8 20. e5 Rxe5 21. Rxe5 fxe5 22. Be3 Bxe3 23. fxe3 Rc2 24. Rf1 Kg8 25. Rf2 Rxf2 1/2-1/2

[Event "Steinfurt Bezirksliga 0910"]
[Site "Germany"]
[Date "2010.05.15"]
[Round "9.7"]
[White "Bartsch, Jan"]
[Black "Nieland, Helmut"]
[Result "1/2-1/2"]
[WhiteElo "1571"]
[BlackElo "1168"]
[PlyCount "24"]
[EventDate "2009.09.12"]
[EventType "team-tourn"]
[EventRounds "9"]
[EventCountry "GER"]
[SourceTitle "EXT 2011"]
[Source "ChessBase"]
[SourceDate "2010.11.26"]
[SourceVersion "1"]
[SourceVersionDate "2010.11.26"]
[SourceQuality "1"]
[WhiteTeam "Saerbeck II"]
[BlackTeam "Emsdetten Turm III"]
[WhiteTeamCountry "GER"]
[BlackTeamCountry "GER"]

1. e4 c5 2. Nf3 e6 3. c3 d5 4. exd5 Qxd5 5. Bb5+ Bd7 6. Bxd7+ Nxd7 7. 0-0 Ngf6 8. d4 Be7 9. Be3 0-0 10. Nbd2 Ng4 11. Qe2 Nxe3 12. fxe3 Rac8 1/2-1/2

[Event "Steinfurt Bezirksliga 0809"]
[Site "Germany"]
[Date "2009.02.14"]
[Round "6.4"]
[White "Overmeyer, Juergen"]
[Black "Bartsch, Jan"]
[Result "1/2-1/2"]
[WhiteElo "1592"]
[BlackElo "1606"]
[PlyCount "34"]
[EventDate "2008.09.27"]
[EventType "team-tourn"]
[EventRounds "9"]
[EventCountry "GER"]
[SourceTitle "EXT 2010"]
[Source "ChessBase"]
[SourceDate "2010.11.25"]
[SourceVersion "1"]
[SourceVersionDate "2010.11.25"]
[SourceQuality "1"]
[WhiteTeam "Emsdetten Rochade III"]
[BlackTeam "Saerbeck II"]
[WhiteTeamCountry "GER"]
[BlackTeamCountry "GER"]

1. e4 e6 2. d4 d5 3. exd5 exd5 4. Bd3 Nf6 5. h3 Bd6 6. Nf3 0-0 7. 0-0 h6 8. c3 c6 9. Ne5 Nbd7 10. f4 Re8 11. Bd2 Qb6 12. Qb3 Qxb3 13. axb3 Ne4 14. Be1 Nf8 15. Nd2 f6 16. Ng4 h5 17. Nh2 a6 1/2-1/2

[Event "Steinfurt Bezirksliga 0708"]
[Site "Germany"]
[Date "2008.01.19"]
[Round "5.5"]
[White "Limberg, Johannes"]
[Black "Bartsch, Jan"]
[Result "0-1"]
[WhiteElo "1273"]
[BlackElo "1621"]
[PlyCount "67"]
[EventDate "2007.09.22"]
[EventType "team-tourn"]
[EventRounds "9"]
[EventCountry "GER"]
[SourceTitle "EXT 2009"]
[Source "ChessBase"]
[SourceDate "2008.11.26"]
[SourceVersion "1"]
[SourceVersionDate "2008.11.26"]
[SourceQuality "1"]
[WhiteTeam "Rheine SG"]
[BlackTeam "Saerbeck II"]
[WhiteTeamCountry "GER"]
[BlackTeamCountry "GER"]

1. e4 e6 2. Bc4 d5 3. exd5 exd5 4. Bb3 Nf6 5. h3 Bd6 6. d4 0-0 7. Ne2 Re8 8. Bg5 c6 9. 0-0 h6 10. Bh4 b6 11. c3 Ba6 12. Re1 Qe7 13. c4 g5 14. Bg3 Bxg3 15. fxg3 Qe3+ 16. Kh1 Ne4 17. Kh2 Nf2 18. Qd2 Nd3 19. Qxe3 Rxe3 20. Nd2 Nxe1 21. Rxe1 dxc4 22. Nxc4 Bxc4 23. Bxc4 b5 24. Bb3 Nd7 25. Kg1 Kg7 26. Kf2 Rae8 27. Bc2 Nf6 28. Bf5 R8e7 29. g4 Nd5 30. g3 a5 31. a3 Rb3 32. Rb1 b4 33. Bc2 Rbe3 34. Re1 0-1

[Event "Steinfurt Bezirksliga 0708"]
[Site "Germany"]
[Date "2007.12.01"]
[Round "4.5"]
[White "Bartsch, Jan"]
[Black "Hillen, Thomas"]
[Result "1-0"]
[WhiteElo "1621"]
[BlackElo "1441"]
[PlyCount "31"]
[EventDate "2007.09.22"]
[EventType "team-tourn"]
[EventRounds "9"]
[EventCountry "GER"]
[SourceTitle "EXT 2009"]
[Source "ChessBase"]
[SourceDate "2008.11.26"]
[SourceVersion "1"]
[SourceVersionDate "2008.11.26"]
[SourceQuality "1"]
[WhiteTeam "Saerbeck II"]
[BlackTeam "Emsdetten Rochade III"]
[WhiteTeamCountry "GER"]
[BlackTeamCountry "GER"]

1. e4 c5 2. Nf3 Nc6 3. Bb5 Nd4 4. Nxd4 cxd4 5. 0-0 e5 6. d3 Be7 7. f4 Nh6 8. Qh5 a6 9. fxe5 g6 10. Qxh6 axb5 11. Qg7 Rf8 12. Bh6 f6 13. exf6 Rf7 14. fxe7 Rxf1+ 15. Kxf1 Qxe7 16. Qg8+ 1-0

[Event "Steinfurt Bezirksliga 0607"]
[Site "Germany"]
[Date "2006.09.09"]
[Round "1.6"]
[White "Boeckmann, Dirk"]
[Black "Bartsch, Jan"]
[Result "1/2-1/2"]
[WhiteElo "1530"]
[BlackElo "1550"]
[PlyCount "60"]
[EventDate "2006.09.09"]
[EventType "team-tourn"]
[EventRounds "9"]
[EventCountry "GER"]
[SourceTitle "EXT 2008"]
[Source "ChessBase"]
[SourceDate "2007.11.25"]
[SourceVersion "1"]
[SourceVersionDate "2007.11.25"]
[SourceQuality "1"]
[WhiteTeam "Reckenfeld"]
[BlackTeam "Saerbeck II"]
[WhiteTeamCountry "GER"]
[BlackTeamCountry "GER"]

1. d4 d5 2. Nf3 Nf6 3. e3 e6 4. Nbd2 b6 5. Bd3 Bb7 6. 0-0 Nbd7 7. Re1 Bd6 8. e4 dxe4 9. Nxe4 0-0 10. c3 Bxe4 11. Bxe4 Nxe4 12. Rxe4 Nf6 13. Re2 c5 14. Be3 Qc7 15. dxc5 Bxc5 16. Bxc5 Qxc5 17. Qd4 Qc7 18. Qe5 Qxe5 19. Nxe5 Rfd8 20. Kf1 Rd5 21. Ke1 Rad8 22. h3 Nh5 23. g3 Nf6 24. Rb1 h6 25. Nf3 Kf8 26. Rd2 Ne4 27. Rxd5 Rxd5 28. Ke2 f5 29. Ke3 g5 30. Nd4 Kf7 1/2-1/2